000 00484nam a2200145 4500
001 107622
003 ES-MaACL
005 20230906184446.0
007 t|
008 061121s1911 fr r ||||1| fre d
100 1 _aMorel-Fatio, Alfred.
_983243
245 1 0 _aCinq recueils de piéces espagnoles de la Bibliothéque de l' Université de Paris et de la Bibliothéque Nationale /
_cAlfred Morel-Fatio.
260 _aParis :
_bHonoré Champion,
_c1911.
852 _aES-MaACL
_jT-1346-F-11
999 _c107622
_d107622